|
|
|
|
| LEADER |
00688nam a2200193 a 4500 |
| 001 |
000642877 |
| 003 |
CZ BrMZK |
| 005 |
20030102143120.0 |
| 007 |
ta |
| 008 |
021217s1934 xr f cze d |
| 040 |
|
|
|a BOA001
|b cze
|c BOA001
|
| 100 |
1 |
|
|a Procházka, František Serafínský,
|d 1861-1939
|7 jk01101127
|4 aut
|
| 245 |
1 |
0 |
|a Duha /
|c František Procházka Serafinský ; výtvarně doprovází Rudolf Mates
|
| 260 |
|
|
|a V Praze :
|b Československá grafická unie,
|c 1934
|
| 300 |
|
|
|a 37 s.
|
| 700 |
1 |
|
|a Mates, Rudolf,
|d 1881-1966
|7 jk01080709
|4 ill
|
| 910 |
|
|
|a BOA001
|b 4-0156.893
|
| 990 |
|
|
|a BK
|
| 996 |
7 |
|
|b 2619202729
|c 4-0156.893
|l MZK
|r Sklad / do 24 hodin
|n 1
|w 000642877
|u 000010
|a 1
|e BOA001
|j MZK50
|s A
|